000 00921pam a2200289 a 4500
001 2469792
003 NUST - PNEC
005 20170116181053.0
008 901129s1992 ilua 001 0 eng
010 _a 90026441
020 _a0071125558
020 _a0028199413
040 _aDLC
_cLIBRARY
_dDLC
050 0 0 _aTK7868.D5
_bB64 1991
082 0 0 _a621.3815 BOG
100 1 _aBogart, Theodore F.
245 1 0 _aIntroduction to digital circuits /
_cTheodore F. Bogart, Jr.
260 _aLake Forest, Ill. :
_bGlencoe,
_cc1992.
300 _axii, 820 p. :
_bill. ;
_c25 cm.
500 _aIncludes index.
650 0 _aDigital electronics.
_xEL, EE
650 0 _aLogic circuits.
740 0 _aDigital circuits.
906 _a7
_bcbc
_corignew
_d1
_eocip
_f19
_gy-gencatlg
942 _2ddc
_cBK
999 _c68452
_d68452